00883nam a2200229 a 450000100060000000300080000600500170001400800410003102000260007203500190009803500210011704000550013804100080019308200320020110000220023324500900025524600250034530001030037050400840047360000690055765000270062673994BD-RjUL20211209082454.0171217s2015 ii af bq 001 0 eng d a9780670087082c599.00 a(BD-RjUL)74212 a(OCoLC)921830457 aDKAGEbengerdacDKAGEdOCLCFdOCLCQdDLCdBD-RjUL aeng04223a791.430233092bSIW 20151 aSingh, Jai Arjun,14aThe world of Hrishikesh Mukherjee :bthe filmmaker everyone loves /cJai Arjun Singh.30aHrishikesh Mukherjee ax, 331 pages, 18 unnumbered pages of plates :billustrations (black and white, and color) ;c23 cm aIncludes filmography (289-306), bibliographical references (307-312) and index.10aMukherjee, Hrishikesh,d1922-2006xCriticism and interpretation. aMotion pictureszIndia